The 100 Best Sitcoms, according to Rolling Stone - Statistics

General Stats
  • This quiz has been taken 2,457 times
  • The average score is 30 of 100
Answer Stats
Rank Network / years Character(s) Sitcom name % Correct
38 NBC, 1994-2004 Ross and Rachel Friends
92%
90 CBS, 2007-2019 Sheldon Cooper The Big Bang Theory
85%
1 Fox, 1989-Present Montgomery Burns The Simpsons
84%
23 NBC, 2005-2013 Dwight Schrute The Office (U.S.)
83%
3 NBC, 1989-1998 Kramer Seinfeld
81%
22 Comedy Central, 1997-Present Cartman South Park
72%
82 CBS, 2005-2014 Ted Mosby How I Met Your Mother
68%
2 NBC, 1982-1993 Sam Malone Cheers
67%
9 NBC, 2009-2015 Ron Swanson Parks and Recreation
67%
84 ABC, 2009-2020 Phil and Claire Modern Family
65%
13 NBC, 1993-2004 Niles Crane Frasier
62%
36 HBO, 1998-2004 Carrie Bradshaw Sex and the City
61%
34 Nickelodeon, 1999-Present Patrick Star SpongeBob SquarePants
60%
6 CBS, 1972-1983 Hawkeye Pierce M*A*S*H*
57%
47 NBC, 1990-1996 Uncle Phil The Fresh Prince of Bel-Air
57%
32 NBC, 1985-1992 Blanche and Dorothy The Golden Girls
57%
4 CBS, 1951-1957 Ricky Ricardo I Love Lucy
56%
12 HBO, 2000-Present Larry David Curb Your Enthusiasm
53%
43 Fox, 2013-2018; NBC, 2019-Present Capt. Holt Brooklyn Nine-Nine
52%
28 Fox, 2000-2006 Reese and Dewey Malcolm in the Middle
52%
16 NBC, 1984-1992 Clair Huxtable The Cosby Show
52%
15 Fox, 2003-2006; Netflix, 2013-2019 Tobias Funke Arrested Development
51%
74 Fox, 1999-2003; Comedy Central, 2008-2013 Fry and Bender Futurama
49%
18 NBC, 2006-2013 Liz Lemon 30 Rock
48%
19 ABC, 1988-1997 Dan Conner Roseanne
45%
5 CBS, 1971-1979 Edith Bunker All in the Family
44%
53 NBC, 2001-2008; ABC, 2009-2010 JD and Turk Scrubs
42%
35 CBS, 1996-2005 Debra Barone Everybody Loves Raymond
41%
41 Fox, 1997-2010 Hank and Peggy King of the Hill
41%
100 Pop TV, 2015-2020 Moira Rose Schitt's Creek
41%
81 NBC, 1998-2006, 2017-2020 Karen Walker Will & Grace
41%
24 NBC, 2009-2014; Yahoo! Screen, 2015 Jeff Winger Community
40%
76 Fox, 2011-2018 Schmidt, Nick and Winston New Girl
40%
29 FX, 2005-2012; FXX, 2013-Present Charlie Kelly It's Always Sunny in Philadelphia
38%
65 Disney, 2007-2015 Dr. Doofenshmirtz Phineas and Ferb
37%
37 Fox, 2011-Present Tina Belcher Bob's Burgers
36%
20 Netflix, 2014-2020 Mr. Peanutbutter BoJack Horseman
33%
46 NBC, 2016-2020 Eleanor and Chidi The Good Place
33%
14 CBS, 1960-1968 Opie The Andy Griffith Show
32%
8 CBS, 1955-1956 Ralph Kramden The Honeymooners
32%
48 CBS, 1975-1988 George and Weezy The Jeffersons
32%
7 CBS, 1970-1977 Ted Baxter The Mary Tyler Moore Show
32%
31 BBC, 1975-1979 Basil and Manuel Fawlty Towers
31%
17 ABC, 1978-1982; NBC, 1982-1983 Latka Gravas Taxi
31%
55 ABC, 1970-1975 Oscar and Felix The Odd Couple
30%
30 BBC Two 2001-2003 David Brent The Office (U.K.)
30%
21 BBC Three, 2016-2019 Hot Priest Fleabag
27%
66 NBC, 1965-1969; CBS, 1969-1970 Agent 99 Get Smart
27%
71 Adult Swim, 2013-Present Jerry and Beth Rick and Morty
27%
44 HBO, 2012-2019 Selina Meyer Veep
27%
93 Netflix, 2017-Present Hormone Monsters Big Mouth
25%
39 ABC, 2014-Present Dre and Rainbow Black-ish
23%
60 CBS, 1974-1979 JJ "Kid Dynomite" Good Times
23%
11 CBS, 1961-1966 Rob Petrie The Dick Van Dyke Show
23%
73 BBC, 1992-1996 Edina and Patsy Absolutely Fabulous
21%
97 NBC, 1984-1992 Bull Night Court
21%
80 NBC, 1972-1977 Fred and Lamont Sanford and Son
21%
75 BBC One, 1983-1989 Baldrick Blackadder
20%
63 CBS, 1986-1993 Julia Sugarbaker Designing Women
19%
26 CBS, 1972-1978 Dr. Bob Hartley The Bob Newhart Show
19%
79 CBS, 1978-1982 Dr. Johnny Fever WKRP in Cincinnati
19%
56 CBS, 1988-1998, 2018 Corky Sherwood Murphy Brown
18%
87 ABC, 1977-1981 Benson Soap
17%
25 FX, 2016-Present Paper Boi Atlanta
16%
51 ABC, 1982 Frank Drebin Police Squad!
16%
89 NBC, 1987-1993 Whitley and Dwayne A Different World
15%
49 ABC, 1975-1982 Wojo and Fish Barney Miller
14%
45 Comedy Central, 2014-2019 Ilana and Abbi Broad City
13%
68 CBS, 1972-1978 Walter Findlay Maude
12%
78 Channel 4, 2003-2015 Mark and Jez Peep Show
12%
69 HBO, 2007-2009 Bret and Jemaine Flight of the Conchords
11%
10 HBO, 1992-1998 Hank Kingsley The Larry Sanders Show
11%
62 BBC Four, 2005-2007; BBC Two, 2009-2012 Malcolm Tucker The Thick of It
11%
94 HBO, 2016-Present Issa Dee Insecure
10%
64 FX, 2019-Present Laszlo and Nandor What We Do in the Shadows
10%
98 Netflix, 2018-Present Granda Joe Derry Girls
9%
77 Netflix, 2017-2019; Pop, 2020 Penelope and Elena One Day at a Time
9%
85 CBS, 1950-1958 Gracie George Burns and Gracie Allen Show
8%
50 NBC, 1995-1999 Jimmy James NewsRadio
8%
83 Crave, 2016-Present Squirrelly Dan Letterkenny
7%
86 Fox, 1993-1998 Khadijah Living Single
7%
59 Channel 4, 1999-2001 Tim and Daisy Spaced
7%
70 CBS, 1955-1959 Private Doberman The Phil Silvers Show
7%
96 ABC Kids, 2018-Present Bandit Bluey
6%
61 Channel 4, 2015-2019 Rob and Sharon Catastrophe
6%
92 MTV, 1997-2002 Jake and Helen Daria
6%
72 HBO, 2005, 2014 Valerie Cherish The Comeback
5%
67 CBS, 1950-1964; NBC, 1964-1965 Rochester Van Jones The Jack Benny Program
5%
95 FX, 2016-2019 Chip and Dale Baskets
3%
33 FX, 2016-Present Sam Fox Better Things
3%
91 NBC, 1983-1984 Bill Bittinger Buffalo Bill
3%
99 CBS, 1987-1988 Frank Parrish Frank’s Place
3%
52 BBC Two, 1997-2002 Lynn Benfield I'm Alan Partridge
3%
27 FX, 2010-2015 Lilly and Jane Louie
3%
88 Starz, 2009-2010 Henry and Ron Party Down
3%
40 Comedy Central, 2014-2017 Forrest MacNeil Review
3%
54 Fox, 2001-2006 Bernard McCullough The Bernie Mac Show
3%
57 FX, 2014; FXX, 2015-2019 Jimmy and Gretchen You're the Worst
3%
42 IFC, 2017-2020 Jim and Jules Brockmire
2%
58 Showtime, 1986-1990 Nancy Bancroft It's Garry Shandling's Show
2%
No matching quizzes found
Score Distribution
Percent of People with Each Score
Percentile by Number Answered
Your Score History
You have not taken this quiz